| 000 | 00758cam a2200217 4500 | ||
|---|---|---|---|
| 001 | ABS62797 | ||
| 008 | 000000n2000 000 0 eng u | ||
| 035 | _a(Sirsi) u107956 | ||
| 100 | _aByass, K. | ||
| 245 | _aE-conveyancing is just around the corner | ||
| 260 | _c2000 | ||
| 490 |
_aSolicitors' Journal _v144(3) 11 August 2000, 748-749(2) |
||
| 520 | _aDiscusses the future for e-conveyancing. Attempts to show by example, how a sale can be completed in just one day if technology is in place for all the standard procedures. | ||
| 590 | _aABS | ||
| 650 | _aCONVEYANCING | ||
| 650 | _aSOLICITORS | ||
| 650 | _aPROPERTY TRANSACTIONS | ||
| 650 | _aNATIONAL LAND INFORMATION SERVICE | ||
| 690 | _aPROPERTY AND LAND LAW-CONVEYANCING | ||
| 942 | _n0 | ||
| 999 |
_c64490 _d64490 |
||